Countries of the United Kingdom - Statistics

General Stats
  • This quiz has been taken 26 times
  • The average score is 7 of 8
Answer Stats
Answer % Correct
England
100%
Scotland
100%
Wales
96%
London
92%
Northern Ireland
92%
Edinburgh
81%
Belfast
69%
Cardiff
65%
No matching quizzes found
Score Distribution
Percent of People with Each Score
Percentile by Number Answered
Your Score History
You have not taken this quiz